Normal view
MARC view
Entry Topical Term
001 - CONTROL NUMBER
- control field: 2515
003 - CONTROL NUMBER IDENTIFIER
- control field: BD-RjUL
005 - DATE AND TIME OF LATEST TRANSACTION
- control field: 20220418104815.0
008 - FIXED-LENGTH DATA ELEMENTS
- fixed length control field: 220418|| aca||aabn | a|a d
040 ## - CATALOGING SOURCE
- Original cataloging agency: BD-RjUL
- Transcribing agency: BD-RjUL
150 ## - HEADING--TOPICAL TERM
- Topical term or geographic name entry element: Financial economics
- Form subdivision: Banking services
- General subdivision: Credit
670 ## - SOURCE DATA FOUND
- Source citation: Work cat.: (BD-RjUL)79710: Majumder, Md. Humayun Kabir 2513, The Role of Grameen Bank As A Micro-Credit Institution :, 2002